| 000 | 00463nam a22001697a 4500 | ||
|---|---|---|---|
| 999 |
_c3789 _d3789 |
||
| 003 | OSt | ||
| 005 | 20181122163257.0 | ||
| 008 | 181122b ||||| |||| 00| 0 eng d | ||
| 040 | _cDLC | ||
| 082 |
_a242 _bP639C |
||
| 100 | _aJ. C. Pilkington. | ||
| 245 |
_aThe Confessions of St. Augustine; _bTranslated and annotated by/ _cJ. C. Pilkington. |
||
| 260 |
_aCleveland; _bFine Editions Press/ _cc1876. |
||
| 300 | _a324 p.: | ||
| 650 | _aConfession | ||
| 942 |
_2ddc _cBK |
||